000 00270nam a2200097Ia 4500
008 191206s9999 xx 000 0 und d
090 _aRZA5669
245 0 _ainferno of Dante: [a new verse translation]
300 _a4 sound cassettes : analog.
999 _c16226
_d16226